Normal view
MARC view
Entry Personal Name
001 - CONTROL NUMBER
- control field: 1064706
003 - CONTROL NUMBER IDENTIFIER
- control field: OSt
005 - DATE AND TIME OF LATEST TRANSACTION
- control field: 20260121170514.0
008 - FIXED-LENGTH DATA ELEMENTS
- fixed length control field: 260121|| aca||aabn | a|a d
040 ## - CATALOGING SOURCE
- Original cataloging agency: OSt
- Transcribing agency: OSt
100 ## - HEADING--PERSONAL NAME
- Personal name: Paola Viganò, Chiara Cavalieri, Martina Barcelloni Corte
670 ## - SOURCE DATA FOUND
- Source citation: Work cat.: (OSt)1630436: Paola Viganò, Chiara Cavalieri, Martina Barcelloni Corte, The Horizontal Metropolis Between Urbanism and Urbanization
